| 000 | 00594nam a22001817a 4500 | ||
|---|---|---|---|
| 005 | 20231214071558.0 | ||
| 008 | 231214b |||||||| |||| 00| 0 eng d | ||
| 020 | _a9780639005263 ; 9780639008462 ; 9780409065039 | ||
| 041 | _aEnglish | ||
| 082 | _a346.4 SIL | ||
| 100 |
_aMuller, G et al. _lEnglish |
||
| 245 |
_aSilberg and Schoeman's The Law of Property / _cG Muller et al. |
||
| 250 | _a6th Edition | ||
| 260 |
_aDurban : _bLexisNexis (Pty) Ltd, _c2019 |
||
| 300 |
_bxxvii, 915 pages ; _c25 cm. |
||
| 650 |
_aLegal practice _bLaw |
||
| 942 |
_cBK _6ALISON_BN_VRIES |
||
| 999 |
_c1196 _d1196 |
||